| 000 | 00434nam a2200145 a 4500 | ||
|---|---|---|---|
| 001 | 1610 | ||
| 003 | CDMR | ||
| 005 | 20130116135212.0 | ||
| 008 | 130130s2001||||||||||||||||||||||||||||d | ||
| 040 |
_aCDMR _bcat _cCPC GIRONA |
||
| 100 | 1 |
_aGarcía Herrero, Gustavo A. _91214 |
|
| 245 | 1 | 0 |
_aImagen y comunicación en temas sociales _cGarcía Herrero, Gustavo-A. , Ramírez Navarro, José Manuel |
| 260 |
_c2001 _bLibros Certeza |
||
| 942 | _cMON | ||
| 999 |
_c1610 _d1610 |
||